| 000 | 04208cam a2200829 i 4500 | ||
|---|---|---|---|
| 001 | 6006 | ||
| 003 | FISKH | ||
| 005 | 20250225092441.0 | ||
| 008 | 190925t20202020nyu d b 000 f eng d | ||
| 010 | _a 2019951312 | ||
| 020 |
_a9780062941084 _q(hardcover) |
||
| 020 |
_a97890062941091 _q$13.50 |
||
| 020 |
_a0062941089 _q(hardcover) |
||
| 040 |
_aYDX _beng _cYDX _dDLC |
||
| 050 | _aPZ7.Y365 P | ||
| 082 | _a813.6 | ||
| 100 | 1 |
_aYang, Kelly, _eauthor. |
|
| 245 | 1 | 0 |
_aParachutes / _cKelly Yang. |
| 250 | _aFirst edition. | ||
| 250 | _aFirst paperback edition, 2021 | ||
| 260 |
_aNew York : _bKatherine Tegen Books, _c2020 |
||
| 300 |
_a476 pages ; _c21 cm |
||
| 336 |
_atext _btxt _2rdacontent |
||
| 337 |
_aunmediated _bn _2rdamedia |
||
| 338 |
_avolume _bnc _2rdacarrier |
||
| 504 | _aIncludes bibliographical references. | ||
| 520 | _aThey're called parachutes: teenagers dropped off to live in private homes and study in the US while their wealthy parents remain in Asia. Claire Wang never thought she'd be one of them, until her parents pluck her from her privileged life in Shanghai and enroll her at a high school in California. Suddenly she finds herself living in a stranger's house, with no one to tell her what to do for the first time in her life. She soon embraces her newfound freedom, especially when the hottest and most eligible parachute, Jay, asks her out. Dani De La Cruz, Claire's new host sister, couldn't be less thrilled that her mom rented out a room to Claire. An academic and debate-team star, Dani is determined to earn her way into Yale, even if it means competing with privileged kids who are buying their way to the top. When her debate coach starts working with her privately, Dani's game plan veers unexpectedly off course. Desperately trying to avoid each other under the same roof, Dani and Claire find themselves on a collision course, intertwining in deeper and more complicated ways, as they grapple with life-altering experiences. | ||
| 650 | 0 |
_aChinese _zUnited States _vJuvenile fiction. |
|
| 650 | 0 |
_aHigh school students _vJuvenile fiction. |
|
| 650 | 0 |
_aDebates and debating _vJuvenile fiction. |
|
| 650 | 0 |
_aInterpersonal relations _vJuvenile fiction. |
|
| 650 | 1 |
_aChinese students _vFiction. |
|
| 650 | 1 |
_aTeenage girls _vFiction. |
|
| 650 | 1 |
_aConduct of life _vFiction. |
|
| 650 | 1 |
_aHost families of foreign students _vFiction. |
|
| 650 | 1 |
_aPrivate schools _vFiction. |
|
| 650 | 1 |
_aSchools _vFiction. |
|
| 650 | 1 |
_aSexual abuse _vFiction. |
|
| 650 | 7 |
_aYOUNG ADULT FICTION _xSocial Themes _xEmigration & Immigration. _2bisacsh |
|
| 650 | 7 |
_aYOUNG ADULT FICTION _xSocial Themes _xSexual Abuse. _2bisacsh |
|
| 650 | 7 |
_aYOUNG ADULT FICTION _xSocial Themes _xEmotions & Feelings. _2bisacsh |
|
| 650 | 7 |
_aChinese. _2fast _0(OCoLC)fst00857169 |
|
| 650 | 7 |
_aDebates and debating. _2fast _0(OCoLC)fst00888743 |
|
| 650 | 7 |
_aHigh school students. _2fast _0(OCoLC)fst00956174 |
|
| 650 | 7 |
_aInterpersonal relations. _2fast _0(OCoLC)fst00977397 |
|
| 650 | 7 |
_aYoung adult fiction. _2fast _0(OCoLC)fst01183080 |
|
| 650 | 7 |
_aChinese students _vJuvenile fiction. _2sears |
|
| 650 | 7 |
_aTeenagers _vJuvenile fiction. _2sears |
|
| 650 | 7 |
_aPrivate schools _vJuvenile fiction. _2sears |
|
| 650 | 7 |
_aSexual harassment _vJuvenile fiction. _2sears |
|
| 650 | 7 |
_aChinese students _vFiction. _2sears |
|
| 650 | 7 |
_aTeenagers _vFiction. _2sears |
|
| 650 | 7 |
_aConduct of life _vFiction. _2sears |
|
| 650 | 7 |
_aPrivate schools _vFiction. _2sears |
|
| 650 | 7 |
_aSchool stories. _2sears |
|
| 650 | 7 |
_aSex crimes _vFiction. _2sears |
|
| 651 | 1 |
_aCalifornia _vFiction. |
|
| 651 | 1 |
_aShanghai (China) _vFiction. |
|
| 651 | 7 |
_aUnited States. _2fast _0(OCoLC)fst01204155 |
|
| 651 | 7 |
_aShanghai (China) _vJuvenile fiction. _2sears |
|
| 651 | 7 |
_aCalifornia _vFiction. _2sears |
|
| 651 | 7 |
_aShanghai (China) _vFiction. _2sears |
|
| 655 | 0 | _aYoung adult fiction. | |
| 655 | 4 | _aJuvenile works. | |
| 655 | 7 |
_aFiction. _2fast _0(OCoLC)fst01423787 |
|
| 655 | 7 |
_aJuvenile works. _2fast _0(OCoLC)fst01411637 |
|
| 655 | 7 |
_aYoung adult fiction. _2gsafd |
|
| 655 | 7 |
_aFiction. _2lcgft |
|
| 906 |
_a7 _bcbc _ccopycat _d2 _encip _f20 _gy-gencatlg |
||
| 942 |
_2ddc _cBK _n0 |
||
| 999 |
_c6006 _d6006 |
||